| 000 -LEADER | |
|---|---|
| fixed length control field | 00410nam a22001577a 4500 |
| 020 ## - INTERNATIONAL STANDARD BOOK NUMBER | |
| ISBN | 9780750668989 |
| 050 ## - LIBRARY OF CONGRESS CALL NUMBER | |
| Classification number | HF5415 |
| 100 ## - MAIN ENTRY--AUTHOR NAME | |
| Personal name | Palmer, Roger |
| Personal name | Cockton, Juanita |
| Personal name | Cooper, Graham |
| 245 ## - TITLE STATEMENT | |
| Title | Managing marketing |
| 260 ## - PUBLICATION, DISTRIBUTION, ETC. (IMPRINT) | |
| Place of publication | Amsterdam |
| Name of publisher | Elsevier |
| Year of publication | 2007 |
| 300 ## - PHYSICAL DESCRIPTION | |
| Number of Pages | 380p. |
| Other physical details | xi, ill., includes bibliographical references and index |
| 650 ## - SUBJECT ADDED ENTRY--TOPICAL TERM | |
| Topical Term | Marketing-management |
| 942 ## - ADDED ENTRY ELEMENTS (KOHA) | |
| Koha item type | Books |
| Koha item type | Collection code | Shelving location | Accession Number | Permanent Location | Current Location | Date acquired | Full call number |
|---|---|---|---|---|---|---|---|
| Books | Lending | Lending | 2440 | Chapman Library | Chapman Library | 2016-01-20 | HF5415pal |
| Books | Lending | Lending | 2441 | Chapman Library | Chapman Library | 2016-01-20 | HF5415pal |
| Books | Lending | Lending | 2442 | Chapman Library | Chapman Library | 2016-01-20 | HF5415pal |

